<?xml version="1.0" encoding="UTF-8"?>
<collection xmlns="http://www.loc.gov/MARC21/slim">
 <record>
  <leader>00465pamaa2200157   4500</leader>
  <controlfield tag="001">0000033912</controlfield>
  <controlfield tag="005">20110503090000.0</controlfield>
  <datafield tag="020" ind1="0" ind2="0">
   <subfield code="a">0849308895 </subfield>
  </datafield>
  <datafield tag="082" ind1=" " ind2=" ">
   <subfield code="a">004.678 LIT</subfield>
  </datafield>
  <datafield tag="090" ind1="0" ind2="0">
   <subfield code="a">TK5103.4 </subfield>
   <subfield code="b">LIT 2002</subfield>
  </datafield>
  <datafield tag="100" ind1="1" ind2="0">
   <subfield code="a">LITTMAN </subfield>
  </datafield>
  <datafield tag="245" ind1="1" ind2="0">
   <subfield code="a">Building boardband networks  </subfield>
   <subfield code="c">Marlyn Kemper Littman.</subfield>
  </datafield>
  <datafield tag="260" ind1="0" ind2="0">
   <subfield code="a">Boca Raton: </subfield>
   <subfield code="b">CRC Press, </subfield>
   <subfield code="c">2002.</subfield>
  </datafield>
  <datafield tag="300" ind1=" " ind2=" ">
   <subfield code="a">609p.: </subfield>
   <subfield code="b">ill.; </subfield>
   <subfield code="c">24cm.</subfield>
  </datafield>
  <datafield tag="650" ind1="0" ind2="0">
   <subfield code="a">Distance education -- </subfield>
   <subfield code="x">Communication systems </subfield>
  </datafield>
  <datafield tag="650" ind1="0" ind2="0">
   <subfield code="a">Broadband communication systems </subfield>
  </datafield>
 </record>
</collection>
